00382 a2200145 450000500170000001000340001702000260005103500130007703700090009008200060009924500180010526000310012327000620015430000200021620240807120236.0 aB-760136 Ch-En a9788128831171c175.00 aB-760136 bGift aS aJataka Tales/ aNew DelhibJunior Diamond  aX-30, Okhala Industrial Area Phase-II,bNew Delhie110020 av p.c24 cm(Hb)